A text book of welding technology (Record no. 255535)

MARC details
000 -LEADER
fixed length control field 00380nam a2200157Ia 4500
008 - FIXED-LENGTH DATA ELEMENTS--GENERAL INFORMATION
fixed length control field 240126s9999 xx 000 0 und d
041 ## - LANGUAGE CODE
Language code of text/sound track or separate title English
082 ## - DEWEY DECIMAL CLASSIFICATION NUMBER
Classification number 671.52 KHA
100 ## - MAIN ENTRY--PERSONAL NAME
Personal name Khanna, O P
245 #2 - TITLE STATEMENT
Title A text book of welding technology
260 ## - PUBLICATION, DISTRIBUTION, ETC.
Name of publisher, distributor, etc. New Delhi : Dhanpat Rai,
300 ## - PHYSICAL DESCRIPTION
Extent xvi+949
440 ## - SERIES STATEMENT/ADDED ENTRY--TITLE
Title NULL
650 ## - SUBJECT ADDED ENTRY--TOPICAL TERM
Topical term or geographic name entry element Welding technology
942 ## - ADDED ENTRY ELEMENTS (KOHA)
Koha item type Mebks
Holdings
Date last seen Total checkouts Full call number Accession number Volume/Issue Number Price effective from Category Lost status Damaged status Department Withdrawn status Home library Current library Shelving location Entry date Vendor Grants Billdate Currency symbol Conversion rate Discount Old discount
26/01/2024   671.52 KHA ME398 (21/06/1905) 26/01/2024 Mebks     Central Library   Central Library Central Library Central Library   Sapna Book House DONATED 23/02/2011 RS 1    

© For any Suggestions or Query, please contact the library staff @ librarian@pes.edu or Phone: +9180 2672 1983/ 2108.